Statistics for Consume - Chase Atlantic feat. Goon Des Garçons (lyrics)

Click here to take the quiz!

General Stats

  • This quiz has been taken 16 times
  • The average score is 329 of 464

Answer Stats

Answer% Correct
I
100%
My
100%
my
100%
you
100%
a
92%
But,
92%
But
92%
but
92%
no
92%
do,
92%
girl,
92%
girl
92%
head
92%
in
92%
is
92%
me,
92%
me
92%
n****
92%
no
92%
no,
92%
run,
92%
"Run,
92%
run
92%
that
92%
the
92%
The
92%
abuse
85%
all
85%
baby,
85%
can
85%
don't
85%
Don't
85%
flesh
85%
human
85%
if
85%
I'm
85%
it"
85%
it
85%
knife?
85%
knife
85%
on
85%
only
85%
She
85%
Take
85%
take
85%
These
85%
voices
85%
want,
85%
When
85%
Why
85%
with
85%
alright
77%
alright,
77%
Alright,
77%
And
77%
and
77%
be
77%
been
77%
"Careful,
77%
corners
77%
cutting
77%
I've
77%
know
77%
life,
77%
life
77%
lose
77%
now"
77%
or
77%
praying
77%
said,
77%
screaming,
77%
She's
77%
they're
77%
your
77%
ah-ah,
69%
ah-ah
69%
at
69%
blade
69%
city
69%
there's
69%
heart
69%
how
69%
rampage
69%
there's
69%
There's
69%
through
69%
to
69%
use
69%
where
69%
whoa
69%
you'll
69%
another
62%
blossom
62%
bones
62%
break
62%
doesn't
62%
it's
62%
It's
62%
night,
62%
Oh,
62%
overnight,
62%
overnight
62%
pointing
62%
terror
62%
'til
62%
yeah,
62%
Yeah,
62%
yeah
62%
back
54%
bite,
54%
blood
54%
eyes
54%
fingers
54%
from
54%
go
54%
mind
54%
not
54%
of
54%
one
54%
Please
54%
Pressing
54%
rollin',
54%
Rollin',
54%
this
54%
what
54%
will
54%
Anxiety
46%
Big
46%
can't
46%
chew
46%
enough
46%
hardest
46%
head's
46%
her
46%
kill
46%
killed
46%
like
46%
make
46%
mess
46%
needle
46%
nose
46%
pressure
46%
problem
46%
right,
46%
right
46%
skin
46%
trying
46%
understand
46%
we
46%
woah,
46%
bitches
38%
cannot
38%
fade
38%
fair,
38%
fair
38%
get
38%
Hell
38%
Love
38%
nah
38%
pain
38%
propane
38%
regardless
38%
rolling
38%
spend
38%
up
38%
whole
38%
69
31%
Backstabbing
31%
change
31%
down
31%
either
31%
gland's
31%
latching
31%
let
31%
normally
31%
onto
31%
poured
31%
shit
31%
sleep
31%
tee
31%
Tell
31%
tight
31%
tryna'
31%
Acid
23%
almost
23%
alone
23%
beach
23%
blunts
23%
day
23%
Day
23%
die
23%
LSD
23%
resolve
23%
smokin'
23%
so
23%
spilt
23%
things
23%
tweet
23%
both
15%
ghostwrite
15%
god
15%
goes
15%
piece,
15%
they'll
15%
treat
15%
crawling
8%

Score Distribution

Percentile by Number Answered

Percent of People with Each Score

Your Score History

You have not taken this quiz